IMDb Top 20 Movies - Sudden Death - Statistics

General Stats
  • This quiz has been taken 692 times
  • The average score is 8 of 20
Answers on the Grid
Answers color-coded by a green-red scale on the quiz's grid according to % correct below.
12 Angry Men
Avengers: Endgame
Back to the Future
The Dark Knight
Django Unchained
Eternal Sunshine of the Spotless Mind
Fight Club
Forrest Gump
Gladiator
The Godfather
The Godfather Part II
Good Will Hunting
Goodfellas
The Good, the Bad and the Ugly
Inception
Inglourious Basterds
Interstellar
Joker
Jurassic Park
Kill Bill: Vol. 1
The Lion King
The Lord of the Rings: The Fellowship of the Ring
The Lord of the Rings: The Return of the King
The Lord of the Rings: The Two Towers
The Matrix
No Country for Old Men
One Flew Over the Cuckoo's Nest
Oppenheimer
Pulp Fiction
Raiders of the Lost Ark
Schindler's LIst
Se7en
The Shawshank Redemption
The Shining
Shutter Island
Spider-Man: Across the Spider-Verse
Star Wars: The Empire Strikes Back
The Truman Show
WALL-E
The Wolf of Wall Street
 
Answer Stats
Answer % Correct
The Godfather
63%
The Shawshank Redemption
62%
Schindler's LIst
52%
Pulp Fiction
51%
The Dark Knight
50%
The Godfather Part II
48%
The Lord of the Rings: The Return of the King
47%
12 Angry Men
46%
The Lord of the Rings: The Fellowship of the Ring
41%
Fight Club
39%
Forrest Gump
39%
Interstellar
35%
The Good, the Bad and the Ugly
35%
The Lord of the Rings: The Two Towers
35%
Goodfellas
32%
Se7en
31%
Inception
30%
Star Wars: The Empire Strikes Back
30%
The Matrix
29%
One Flew Over the Cuckoo's Nest
25%
No matching quizzes found
Score Distribution
Percent of People with Each Score
Percentile by Number Answered
Your Score History
You have not taken this quiz